Statistics for TNA Impact Wrestling Champions by Year - 2022

Click here to take the quiz!

General Stats

  • This quiz has been taken 4 times
  • The average score is 15 of 31

Answer Stats

TitleDateEventWrestler% Correct
World Tag TeamDecember 15ImpactAlex Shelley
100%
World Tag TeamDecember 15ImpactChris Sabin
100%
Knockouts Tag TeamAugust 12Emergence (Pre-Show)Deonna Purrazzo
100%
X-DivisionApril 23RebellionAce Austin
75%
Digital MediaJuly 1Against All OddsBrian Myers
75%
Knockouts WorldJune 19SlammiversaryJordynne Grace
75%
Impact WorldApril 23RebellionJosh Alexander
75%
Digital MediaFebruary 3ImpactMatt Cardona
75%
Knockouts Tag TeamAugust 12Emergence (Pre-Show)Chelsea Green
50%
World Tag TeamJune 19SlammiversaryDoc Gallows
50%
World Tag TeamMarch 5SacrificeEric Young
50%
X-DivisionOctober 7Bound for GloryFrankie Kazarian
50%
World Tag TeamMay 7Under SiegeJay Briscoe
50%
World Tag TeamMarch 5SacrificeJoe Doering
50%
World Tag TeamJune 19SlammiversaryKarl Anderson
50%
World Tag TeamMay 7Under SiegeMark Briscoe
50%
Knockouts WorldMarch 5SacrificeTasha Steelz
50%
X-DivisionNovember 18Over DriveTrey Miguel
50%
World Tag TeamOctober 20ImpactHeath
25%
Knockouts Tag TeamOctober 7Bound for GloryJessicka
25%
Digital MediaNovember 10ImpactJoe Hendry
25%
Knockouts Tag TeamMarch 5SacrificeMadison Rayne
25%
World Tag TeamSeptember 1ImpactMatt Taven
25%
X-DivisionJune 19SlammiversaryMike Bailey
25%
World Tag TeamSeptember 1ImpactMike Bennett
25%
World Tag TeamOctober 20ImpactRhino
25%
Digital MediaMay 28Wrestling Revolver eventRich Swann
25%
Knockouts Tag TeamJune 19SlammiversaryRosemary
25%
Knockouts Tag TeamJune 19SlammiversaryTaya Valkyrie
25%
Knockouts Tag TeamOctober 7Bound for GloryTaya Valkyrie
25%
Knockouts Tag TeamMarch 5SacrificeTenille Dashwood
25%

Score Distribution

Percentile by Number Answered

Percent of People with Each Score

Your Score History

You have not taken this quiz